Cooperación entre los países socialistas y los en desarrollo /
Guardado en:
| Hovedforfatter: | |
|---|---|
| Format: | Texto |
| Tags: |
Tilføj Tag
Ingen Tags, Vær først til at tagge denne postø!
|
MARC
| LEADER | 00000 a a2200000 04500 | ||
|---|---|---|---|
| 001 | 11127 | ||
| 003 | |||
| 040 | |||
| 100 | |a Zevin, León | ||
| 245 | |a Cooperación entre los países socialistas y los en desarrollo / |c León Zevin | ||
| 773 | |g número 4; páginas 174-194 | ||
| 999 | |c 21540 |d 21540 | ||
